| 000 | 00378nam a22001577a 4500 | ||
|---|---|---|---|
| 005 | 20160905132109.0 | ||
| 008 | 160905b xxu||||| |||| 00| 0 eng d | ||
| 020 | _a978-93-325-5178-7 | ||
| 041 | _aeng | ||
| 100 |
_aFRANCIS,RICHARD L _93498 |
||
| 245 | _aFACILITY LAYOUT AND LOCATION | ||
| 260 |
_bPEARSON _c2015 |
||
| 300 | _a577 | ||
| 650 |
_aINFORMATION _93499 |
||
| 942 | _cBK | ||
| 999 |
_c5200 _d5198 |
||